[Event "Sharjah Master 2024"]
[Site "Shsrjah - Abu Dhabi"]
[Date "2024.05.16"]
[Round "?"]
[White "Puranik, Abhimanyu"]
[Black "Maghsoodloo, Parham"]
[Result "1-0"]
[WhiteElo "2629"]
[BlackElo "2732"]
[PlyCount "119"]
[EventDate "2024.05.14"]
[EventCountry "UAE"]

{[%evp 20,119,42,36,33,30,35,33,42,41,42,37,42,33,43,35,83,82,78,63,78,77,80,80,77,66,53,-27,-25,-23,-28,-33,0,0,0,0,0,0,0,0,29,30,51,33,35,25,25,31,24,37,16,20,71,54,100,9,12,11,7,11,11,0,0,0,114,119,194,186,209,209,210,206,196,189,216,218,217,191,191,191,172,0,0,0,0,0,231,257,239,226,591,591,29989,29990,29992,29993,29993,29994,29994,29995,29995,29994]} 1. e4 c5 2. Nf3 d6 3. d4 cxd4 4. Nxd4 Nf6 5. Nc3 a6 6. Be3 e5 7. Nb3 Be7 8. f3 Be6 9. Qd2 h5 10. Nd5 Nxd5 11. exd5 Bf5 12. Be2 a5 13. a4 Nd7 {White is slightly better.} 14. O-O O-O 15. f4 exf4 16. Bxf4 Bg6 17. Bb5 Nf6 $146 ({RR} 17... Rc8 {17...f6 0.35} 18. c4 b6 19. Nd4 Bf6 (19... Qc7 $16) 20. Bxd6 Nc5 21. Bxf8 Qxf8 22. Rxf6 gxf6 23. Re1 Qd6 24. Qe3 Kg7 25. Bc6 Nd3 26. Re2 Ne5 27. b3 $1 Qa3 28. h3 Qa1+ 29. Re1 Qb2 30. Re2 Qa1+ 31. Kh2 Qb1 (31... Rh8 {might work better.} 32. Nb5 Bd3) 32. Qg3 {Dominguez Perez,L (2748)-Spitzl,V (2365) chess.com INT 2024 1-0 (50)}) 18. Rae1 Ne4 19. Qe2 Bh4 20. g3 Bf6 21. Qg2 Qb6+ 22. Kh1 Rae8 23. Be3 $6 {Inaccuracy. Bxe8 was best.} (23. Bxe8 Rxe8) ({Better is} 23. Bxe8 $14 Rxe8 24. Nd2) 23... Qc7 $11 24. Bxe8 Rxe8 25. Bd4 Bxd4 26. Nxd4 Qc4 27. c3 Re5 28. Kg1 Qxa4 29. Ra1 Qd7 30. Rxa5 {Rfa1 is the strong threat.} Ng5 31. h4 Be4 $1 {[%cal Re4g2]} 32. Ra8+ Kh7 $1 33. Qe2 {[%cal Re2h5]} Bg6 34. Qd2 (34. hxg5 $2 Rxe2 35. Nxe2 Qb5 $19) 34... Ne4 35. Qg2 Qc7 36. Rf4 Qc5 37. Kh2 $6 {Inaccuracy. Qh3 was best.} (37. Qh3 $1) (37. Qh3 $1 $16) 37... Nf6 38. Nf3 Nxd5 39. Nxe5 dxe5 40. Rfa4 b5 41. Rd8 Nf6 $2 {Mistake. bxa4 was best.} (41... bxa4 42. Rxd5 Qc7 43. Qd2 f6 44. Qe3 Qc4 45. Rd2 Qa6 46. Rg2 Qc6 47. Qe2) (41... bxa4 $11 {remains equal.} 42. Rxd5 Qe3) 42. Rb4 $1 $16 Qe3 (42... Bf5 $16 {was necessary.} 43. Qf1 Be6) 43. Rd2 $1 $18 e4 44. Qe2 ({Don't take} 44. Rxb5 $6 Ng4+ 45. Kh3 f6 $16) 44... Qa7 45. Rdd4 ({Not} 45. Qxb5 Ng4+ 46. Kh1 Qa1+ 47. Kg2 Ne3+ 48. Kf2 Ng4+ 49. Kg2 Ne3+ 50. Kf2 Ng4+ 51. Kg2 $11) 45... Ng4+ 46. Kg2 f5 47. Rxb5 Qa6 48. Rd8 {Strongly threatening Rh8+!} Bf7 {aiming for ...Bc4!} 49. Rh8+ Kg6 {[#] White must now prevent ...Bc4!} 50. Qd2 $4 {Blunder. Rhb8 was best.} (50. Rhb8 $1) (50. Rhb8 $1 $18 {[%cal Rb8b6]} Kh7 51. R8b6) 50... e3 $11 51. Qd3 {[%csl Gb5][%cal Rd3f5]} Qc6+ (51... Be6 $5 52. c4 $8 Qc6+ 53. Rd5 e2 54. Qxe2 Bxd5+ 55. cxd5 Qxd5+ 56. Kg1 Qc5+ 57. Kh1 (57. Kf1 Qc1+ 58. Kg2 Qc6+ 59. Kg1 Qc5+ 60. Kh1 Qc1+ 61. Kg2 Qc6+ 62. Kg1 Qc5+ $11) 57... Qc1+ 58. Kg2 Qc6+ 59. Kg1 Qc5+ 60. Kh1 (60. Kf1 Qc1+ 61. Kg2 Qc6+ 62. Kg1 Qc5+ $11) 60... Qc1+ 61. Kg2 Qc6+ 62. Kg1 Qc5+ $11) 52. Kg1 {[%csl Gb5][%cal Rd3f5]} Qf3 $4 {Blunder. Be6 was best.} (52... Be6 $1 53. Rxh5 Qf3 54. Rbxf5 Bxf5 55. Rg5+ Kf6 56. Qd8+ Kf7 57. Qc7+ Ke8 58. Qb8+) (52... Be6 $1 $11 53. Rxh5 Qf3 54. Rg5+ Kh6 55. Rbxf5 Qxg3+ 56. Kf1 Qh3+ 57. Ke2 Qg2+ 58. Ke1 Qg3+ 59. Kf1 (59. Kd1 Bb3+ 60. Ke2 Qg2+ 61. Ke1 Qh1+ 62. Ke2 Qg2+ 63. Ke1 Qh1+ 64. Ke2 Qg2+ $11) 59... Qh3+ 60. Ke2 Qg2+ 61. Ke1 Qg3+ 62. Kf1 (62. Kd1 Bb3+ 63. Ke2 Qg2+ 64. Ke1 Qh1+ 65. Ke2 Qg2+ 66. Ke1 Qh1+ 67. Ke2 Qg2+ $11)) 53. Rb6+ $18 Nf6 {( -> ...Qf2+)} 54. Qf1 Qe4 $4 {Blunder. Qxg3+ was best.} (54... Qxg3+ 55. Qg2 {[%cal Rg2g3]} Qg4 {[#]} 56. Rb4 $1 {[%cal Rb4g4]} Ne4 57. Rxe4 fxe4 58. Ra8 Kf5 59. Rf8 Kg6 60. Qxg4+) (54... Qxg3+ $142 55. Qg2 Qg4) 55. Qf4 {[%csl Gh4][%cal Rf4g5]} Qb1+ $4 {Checkmate is now unavoidable. Qxf4 was best.} (55... Qxf4 56. gxf4 Bc4 57. Re8 e2 58. Rxf6+ Kxf6 59. Kf2 Kf7 60. Re3 Kf6 61. Ke1) 56. Kh2 {[%csl Gh4][%cal Rf4g5] White mates.} Bd5 57. Qg5+ Kf7 {[#]} 58. Rxf6+ $1 {[%mdl 64] Remove Defender} gxf6 59. Qg8+ Ke7 60. Qxd5 {Accuracy: White = 89%, Black = 68%.} 1-0

[Event "Sharjah Master 2024"]
[Site "Shsrjah - Abu Dhabi"]
[Date "2024.05.16"]
[Round "?"]
[White "Yu, Yangyi"]
[Black "Maurizzi, Marc`Andria"]
[Result "1/2-1/2"]
[WhiteElo "2728"]
[BlackElo "2617"]
[PlyCount "135"]
[EventDate "2024.05.14"]
[EventCountry "UAE"]

{[%evp 24,135,26,19,32,32,44,32,51,12,6,0,0,0,5,0,0,0,0,0,0,0,0,0,0,0,0,0,0,0,4,0,0,0,19,0,0,0,0,-1,0,0,0,-1,0,0,0,0,0,0,25,0,26,0,7,0,0,0,0,0,0,0,0,0,0,0,0,0,0,0,0,0,0,0,0,0,0,0,0,0,0,0,0,0,0,0,0,0,0,0,0,0,0,0,0,0,0,0,0,0,0,0,0,0,0,0,0,0,0,0,0,0,0,0]} 1. c4 e6 2. g3 d5 3. Bg2 Nf6 4. Nf3 Be7 5. O-O O-O 6. cxd5 exd5 7. b3 c5 8. d4 Nc6 9. Nc3 Ne4 10. Bb2 Bf6 11. Na4 Re8 12. Rc1 cxd4 13. Nxd4 Nxd4 14. Bxd4 Bf5 15. e3 Qe7 {White is slightly better.} 16. Nc5 b6 17. Nxe4 dxe4 18. Bxf6 Qxf6 19. Rc7 Qe5 20. Qc2 Rac8 21. Rc1 {[%cal Rc7c8]} h5 22. Bf1 Red8 23. Rxc8 Rxc8 24. Qd2 {[#] aiming for Rxc8+.} Rxc1 25. Qxc1 g6 26. h4 Kg7 27. b4 Bg4 28. a3 Bd7 29. Be2 Be6 30. Kf1 Bh3+ 31. Ke1 Be6 32. Bd1 Kh7 33. Be2 Kg7 34. Kf1 Bh3+ 35. Kg1 Be6 36. Kg2 Bd7 37. Qd2 Be6 38. a4 Qa1 {The position is equal.} 39. a5 Bh3+ 40. Kh2 Be6 41. Bb5 Kh7 42. Bd7 Bxd7 43. Qxd7 $11 {[%mdl 4160] [#] Endgame Double Attack. KQ-KQ} Qf6 44. Kg1 bxa5 45. bxa5 a6 46. Qb7 Qe6 47. Qb6 Qc4 48. Qf6 Kg8 49. Kg2 Qb5 50. Qb6 {And now Qxb5 would win.} Qc4 51. Qb8+ Kh7 52. Qe5 Kg8 53. Qg5 Kh7 54. Qf4 Kg8 55. g4 {gxh5 is the strong threat.} hxg4 56. Qxg4 Qb5 57. Qg5 Qe2 58. Qd8+ Kh7 59. Qd7 Qf3+ 60. Kg1 Kg7 61. Qd4+ Kg8 62. Qd6 Qf5 63. Qd8+ Kg7 64. Kf1 Qh3+ 65. Ke1 Qh1+ 66. Ke2 Qf3+ 67. Ke1 Qh1+ 68. Ke2 {Accuracy: White = 92%, Black = 92%.} 1/2-1/2

[Event "Sharjah Master 2024"]
[Site "Shsrjah - Abu Dhabi"]
[Date "2024.05.16"]
[Round "?"]
[White "Yuffa, Daniil"]
[Black "Sarana, Alexey"]
[Result "1/2-1/2"]
[WhiteElo "2617"]
[BlackElo "2706"]
[PlyCount "71"]
[EventDate "2024.05.14"]
[EventCountry "UAE"]

1. Nf3 d5 2. c4 d4 3. b4 c5 4. b5 Qc7 5. g3 e5 6. d3 Nf6 $146 ({RR} 6... h6 7. Bg2 Nf6 8. O-O Bd6 9. a4 a5 10. e4 dxe3 11. fxe3 O-O 12. Nc3 Re8 13. Nh4 Bg4 14. Nd5 Bxd1 15. Nxc7 Bxc7 16. Rxd1 Ra7 17. Bb2 b6 18. d4 Nbd7 19. Re1 g6 20. Bc6 Re7 21. Nf3 {Makarian,R (2525)-Mekhitarian,K (2554) chess.com INT 2024 1-0 (36)}) 7. Bg2 Bd6 8. O-O Nbd7 9. a4 Nf8 10. e3 Ne6 11. a5 Rb8 12. exd4 cxd4 13. Re1 O-O 14. b6 axb6 15. Na3 Bd7 16. axb6 Qxb6 17. Nxe5 Bxe5 18. Rxe5 Bc6 19. Bh3 Nd7 20. Re1 Ndc5 21. Nc2 Ra8 22. Ba3 Ng5 23. Bg2 Bxg2 24. Kxg2 Qc6+ 25. f3 Qd6 26. Bxc5 Qxc5 27. Rb1 Qc8 28. Rb5 Ne6 29. Nb4 Re8 30. Qd2 h6 31. Rbe5 Qd7 32. f4 Nc7 33. Rxe8+ Rxe8 34. Rxe8+ Qxe8 35. Qf2 Qa4 36. Qxd4 1/2-1/2

[Event "Sharjah Master 2024"]
[Site "Shsrjah - Abu Dhabi"]
[Date "2024.05.16"]
[Round "?"]
[White "Sindarov, Javokhir"]
[Black "Petrosyan, Manuel"]
[Result "1/2-1/2"]
[WhiteElo "2684"]
[BlackElo "2616"]
[PlyCount "94"]
[EventDate "2024.05.14"]
[EventCountry "UAE"]

1. e4 e5 2. Nf3 Nc6 3. Bc4 Bc5 4. O-O Nf6 5. d3 O-O 6. c3 d6 7. Re1 a5 8. Bg5 h6 9. Bh4 Ba7 10. Na3 g5 11. Bg3 g4 $146 ({RR} 11... Kg7 12. Nb5 Bb6 13. d4 Qe7 14. Qd3 Bg4 15. Nd2 Nh5 16. Bd5 Nf4 17. Bxf4 gxf4 18. Nc4 Kh7 19. Nbxd6 Rad8 20. Nf5 Qg5 21. Bxc6 bxc6 22. Nxe5 Bh5 23. Kh1 Rg8 24. Rg1 c5 25. Rac1 Bg6 26. Qc4 {Csonka,B (2480)-Moksh,A (2353) chess.com INT 2024 1-0 (60)}) 12. Bh4 Kg7 13. Nc2 Ne7 14. Bxf6+ Kxf6 15. Nh4 Kg7 16. Ne3 h5 17. d4 f5 18. Nhxf5+ Nxf5 19. exf5 Bxf5 20. Nxf5+ Rxf5 21. Qb3 Bb6 22. Bd3 Rf7 23. Re2 a4 24. Qd5 c6 25. Qe4 Qg5 26. dxe5 dxe5 27. Kh1 Raf8 28. Rf1 (28. Rae1) 28... h4 29. f4 Rf5 30. Rd2 $2 {Mistake. Ree1 was best.} (30. Ree1 exf4 31. Qb4 Bc5 32. Qxb7+ R5f7 33. Qxc6 Be3 34. Bc4 Re7 35. Rd1 f3) 30... exf4 31. Rdd1 R8f7 32. h3 f3 $4 {Blunder. gxh3 was best.} (32... gxh3) 33. hxg4 fxg2+ 34. Kxg2 h3+ 35. Kh1 Rxf1+ 36. Rxf1 Rxf1+ 37. Bxf1 Qc5 38. Qd4+ Qxd4 39. cxd4 Bxd4 40. b3 Kf6 41. bxa4 c5 42. a5 Kg5 43. a6 bxa6 44. Bxa6 Kxg4 45. a4 Kg3 46. Bc4 Bc3 47. Be6 Kf4 1/2-1/2

[Event "Sharjah Master 2024"]
[Site "Shsrjah - Abu Dhabi"]
[Date "2024.05.16"]
[Round "?"]
[White "Aditya Mittal"]
[Black "Shankland, Sam"]
[Result "0-1"]
[WhiteElo "2607"]
[BlackElo "2671"]
[PlyCount "98"]
[EventDate "2024.05.14"]
[EventCountry "UAE"]

{[%evp 15,98,57,64,58,57,61,60,65,58,62,60,60,59,57,59,55,61,60,60,60,50,9,2,1,18,2,24,-38,-22,-43,-1,-39,-25,-24,-21,-23,-20,-34,-39,-42,-29,-28,-27,-42,-18,-85,-43,-47,-43,-135,-147,-125,-129,-145,-135,-217,-200,-266,-258,-316,-326,-369,-338,-355,-349,-346,-358,-411,-412,-423,-400,-465,-463,-463,-445,-509,-457,-479,-488,-812,-783,-29990,-29991,-29991,-29992]} 1. d4 Nf6 2. Nf3 g6 3. c4 Bg7 4. Nc3 O-O 5. e4 d6 6. Be2 e5 7. O-O Bg4 8. d5 a5 9. h3 Bxf3 10. Bxf3 Nbd7 11. Rb1 {White is slightly better.} h5 12. Bg5 Qe8 $146 ({RR} 12... Qc8 13. a3 Nh7 14. Bd2 Bf6 15. b4 Bg5 16. Be1 h4 17. Nb5 b6 18. Be2 Qd8 19. Bd3 ({White should try} 19. c5 $14) 19... Nhf6 (19... axb4 $11 {keeps the balance.} 20. axb4 Ndf6) 20. Bc3 Nh5 21. Re1 Kh7 22. Be2 Ng7 23. Qc2 f5 24. Bf3 Bf4 25. Bb2 Rf7 26. Kh1 Kg8 27. Re2 {Aditya,M (2572)-Jovanovic,Z (2513) Viernheim GER 2024 1-0 (45)}) 13. a3 Nh7 14. Be3 Bf6 15. g3 Bg5 16. Bxg5 Nxg5 17. Bg2 $1 Qe7 18. f4 (18. h4 $5 {[%cal Rh4g5]} Nh7 19. b3 $11) 18... Nh7 19. f5 Kh8 20. Kh2 Rg8 21. Qd2 ({Better is} 21. Nb5 $11) 21... a4 22. Nb5 Ndf6 23. c5 dxc5 24. d6 cxd6 25. Qxd6 Rge8 26. Rfd1 Ra6 27. Qd2 Kg7 28. Rbc1 Rc8 29. Rc4 Rcc6 30. Qc3 $6 {Inaccuracy. fxg6 was best.} (30. fxg6 fxg6 31. Nc3 Rd6 32. Nd5 Nxd5 33. exd5 b6 34. Re1 Ng5 35. Re2 Ra7) (30. Qf2 $11 {remains equal.}) 30... Nd7 {Strongly threatening ...Nb6.} 31. Qd2 Nhf6 32. Bf1 $6 {Inaccuracy. Qe2 was best.} (32. Qe2 h4 33. gxh4 Nh5 34. Qf2 Nf4 35. Nc3 Nb6 36. Nd5 $1 {[%cal Rd5e7]} Nbxd5 37. exd5 Rcb6) ({White should play} 32. Qe2 $15) 32... Nb6 $17 33. Rc2 Nxe4 34. Qe2 Nf6 35. Bg2 $6 {Inaccuracy. Nc3 was best.} (35. Nc3 e4) (35. Nc3 $17) 35... e4 $19 36. Nc3 {[%cal Rc3e4]} gxf5 37. Rf1 $6 {Inaccuracy. Qe3 was best.} (37. Qe3 Kg6 38. Bf1 c4 39. Be2 Qe5 40. Rcd2 Ra8 41. Qf4 Qxf4 42. gxf4 Ne8) 37... Qe5 38. Qe3 {[#] And now Qg5+ would win.} Kg6 39. Rcf2 Nbd5 {[%cal Bb6d5,Bd5e7,Be7g6][%mdl 32]} 40. Qc1 Ne7 ({Don't take} 40... h4 41. Rxf5 Qxg3+ 42. Kh1 $19) 41. Ne2 Rab6 42. Nf4+ Kh7 43. Qc4 Kg7 44. Qxa4 h4 {Threatens to win with ...hxg3+.} 45. gxh4 Ng6 46. Kg1 {If only White now had time for Nh5+....} Rxb2 47. Nh5+ (47. Rxb2 $142 Qxb2 48. Nxg6 fxg6 49. Rf2) 47... Nxh5 48. Rxf5 $4 {[#] Checkmate is now unavoidable. Rxb2 was best.} (48. Rxb2 Qxb2 49. Rxf5 Nxh4 {[%csl Gh4][%cal Rb2g2]} 50. Rg5+ Rg6 51. Rxg6+ Nxg6 52. Qxe4 Ng3 53. Qe1 Ne2+) 48... Rxg2+ $1 {[%mdl 64] Decoy} 49. Kxg2 Nxh4+ {[%mdl 64] Double Attack. Accuracy: White = 52%, Black = 85%.} 0-1

[Event "Sharjah Master 2024"]
[Site "Shsrjah - Abu Dhabi"]
[Date "2024.05.16"]
[Round "?"]
[White "Sankalp Gupta"]
[Black "Yakubboev, Nodirbek"]
[Result "1-0"]
[WhiteElo "2531"]
[BlackElo "2665"]
[PlyCount "165"]
[EventDate "2024.05.14"]
[EventCountry "UAE"]

{[%evp 9,165,10,10,7,37,18,26,1,2,0,19,6,12,12,19,-7,38,-13,-13,-16,-5,-3,-16,-21,6,1,6,-6,-4,0,-1,-76,-73,-60,-60,-96,-96,-100,-98,-111,-110,-197,-77,-87,-87,-86,-83,-84,-60,-55,-54,-93,-101,-106,-100,-109,-111,-159,-151,-162,-157,-182,-135,-198,-189,-205,-211,-223,-223,-225,-224,-222,-223,-222,-214,-222,-219,-217,-216,-228,-216,-214,-213,-212,-212,-224,-212,-231,-199,-224,-223,-225,-114,-225,-104,-242,-239,-244,-237,-241,-237,-239,-240,-241,-233,-240,-224,-240,-225,-320,-301,-301,-283,-331,-331,-335,-334,-303,-296,-324,-201,-201,-207,-218,-219,-301,-12,0,0,0,0,0,35,2,46,32,23,0,0,0,0,0,319,119,117,117,325,303,484,483,467,453,800,795,777,776,29986,29987]} 1. Nf3 d5 2. e3 Nf6 3. c4 e6 4. Nc3 Bd6 5. b3 O-O 6. Bb2 Nc6 7. d4 dxc4 8. bxc4 {White has an edge.} e5 9. d5 Na5 $146 ({RR} 9... Ne7 10. Bd3 Ng6 11. Qc2 c6 12. dxc6 bxc6 13. h4 Re8 14. Ng5 (14. h5 $16 Nf8 15. Ne4) 14... Bb4 15. a3 Ba5 (15... Be7 $14) 16. O-O-O $1 Qe7 17. Nce4 $1 {[%cal Re4d6]} Rb8 (17... Bg4 $16) 18. Nd6 $1 e4 19. Ngxe4 Nxe4 20. Bxe4 Rd8 21. c5 Nf8 22. Nc4 Qxc5 23. Nxa5 Qxa5 24. Qc3 {Ganguly,S (2574)-Sorensen,H (2428) Fagernes NOR 2024 1-0 (77)}) 10. Be2 b6 11. O-O Re8 12. Nd2 Nd7 13. Qc2 Nc5 14. e4 a6 15. Nd1 Bd7 16. Rc1 c6 17. Ne3 Rc8 18. Qb1 Na4 19. Ba1 Bc5 20. Nb3 $6 {Inaccuracy. Qd3 was best.} (20. Qd3 b5 21. h3 cxd5 22. Nxd5 Nxc4 23. Nxc4 bxc4 24. Qg3 c3 25. Bxc3 Nxc3) (20. Qd3 $11) 20... Bxe3 $1 $17 21. fxe3 Nb7 $1 22. Rcd1 c5 23. Nd2 Nd6 24. Nf3 f6 25. Nh4 $6 {Inaccuracy. Nd2 was best.} (25. Nd2 b5 26. Rc1 Qe7 27. a3 Rb8 28. Bc3 Nb7 29. Nb3 b4 30. Be1 a5) (25. Qc2 $17) 25... g6 $6 {Inaccuracy. b5 was best.} (25... b5 26. Nf3 bxc4 27. Qc2 c3 28. Bxc3 Nxc3 29. Qxc3 Nxe4 30. Qb3 Nd6 31. Nd2) (25... b5 $1 $19 {has better winning chances.} 26. Nf5 Bxf5 27. exf5 Qd7) 26. Nf3 b5 27. Nd2 Qe7 28. Rf2 Nb6 29. Rdf1 Rf8 30. Qc2 $6 {Inaccuracy. a3 was best.} (30. a3 Rb8) 30... b4 31. Nb3 Nb7 32. Bd3 a5 33. Bb2 a4 34. Nd2 a3 35. Ba1 Ba4 36. Nb3 (36. Qc1 $17) 36... Nd6 $19 37. h3 Rf7 38. Qc1 Bxb3 39. axb3 Nd7 40. Qb1 h5 41. Bc2 Rh7 42. Bd3 Rf8 43. Bc2 Rff7 44. Bd3 Kf8 45. Bc2 Ke8 46. Bd3 Kd8 47. Bc2 Kc7 48. Bd3 Qf8 49. Bc2 Qh6 50. Qe1 Qg5 $2 {Mistake. Rh8 was best.} (50... Rh8 51. g3 Rhf8 52. Kh2 f5 53. exf5 gxf5 54. Rf3 Qg5 55. Qf2 Kc8 56. Qe1) (50... Rh8 $19 51. g3 Ra8) 51. Rf3 $2 {Mistake. Bd4 was best.} (51. Bd4 f5 $1) (51. Bd4 $17) 51... h4 $6 {[#] Inaccuracy. Rh8 was best.} (51... Rh8 52. Kh1 Qh6 53. R3f2 Rb8 54. Kh2 Qg5 55. Rf3 Ra8 56. Kg1 h4 57. Kh1) (51... Rf8 $19 {is more deadly.} 52. Bd3 h4) 52. Kh2 $6 {Inaccuracy. Bc3 was best.} (52. Bc3 f5 53. Bxb4 cxb4 54. Qxb4 fxe4 55. Rxf7 Rxf7 56. Re1 a2 $1 57. Qa5+ Kb8) (52. Bc3 $1 $17 {[%mdl 512]} bxc3 53. Qxc3) 52... Rf8 53. Rg1 Qh6 54. Rgf1 Rhf7 55. R3f2 Qg5 56. Rf3 f5 57. exf5 Nxf5 58. Bxf5 Rxf5 ({Don't do} 58... gxf5 59. Kh1 $17) 59. d6+ $6 {Inaccuracy. Qf2 was best.} (59. Qf2 Kc8 60. Qe1 Rxf3 61. gxf3 Qf5 62. Qxh4 Qc2+ 63. Rf2 (63. Kg1 $142) 63... Qb1 64. d6 Qd3) (59. Qf2 $142) 59... Kxd6 60. Qd2+ Kc7 {Threatens to win with ...Rxf3.} 61. Rd1 Qe7 62. Rxf5 gxf5 (62... Rxf5 $2 63. Qd5 $17) 63. Qd5 Re8 64. Qf3 Qe6 $6 {Inaccuracy. Nb8 was best.} (64... Nb8 65. Qxf5 Nc6 66. Qg6 Rf8 67. Kg1 Qf6 68. Qg4 Kb6 69. Kh2 Rf7 70. Qe4) 65. Qh5 Nf6 $1 {[%cal Rf6h5]} 66. Qxh4 Rd8 67. Rf1 $6 {Inaccuracy. Rxd8 was best.} (67. Rxd8 Kxd8 68. Qg5 Ke8 $1 69. g4 fxg4 70. Bxe5 Kf7 71. h4 g3+ 72. Kg1 Nd7) 67... Ne4 $4 {Blunder. Rd3 was best.} (67... Rd3 $1 68. Qh8 Nd7 69. Qh7 Qd6 70. Qxf5 e4+ 71. Kg1 Rxb3 72. h4 Rxe3 73. h5) (67... Rd3 $1 $19 68. Qh8 Nd7) 68. Qh7+ $11 Kb6 {aiming for ...Nd2.} 69. Rxf5 Rd7 70. Qh5 Nc3 $6 {Inaccuracy. Rg7 was best.} (70... Rg7 71. Bxe5 Re7 72. Qh8 Re8 73. Qh7 Re7 74. Qh8) 71. Rg5 Qc6 $6 {Inaccuracy. Rf7 was best.} (71... Rf7 72. Rxe5) 72. Qe8 $6 {Inaccuracy. h4 was best.} (72. h4) 72... Qc7 $1 73. h4 e4+ $1 74. Kh3 Rd8 $1 {[%cal Rd8e8]} 75. Qe6+ Ka7 $4 {Blunder. Qd6 was best.} (75... Qd6 76. Qf5 Rf8 77. Qh7 $1 Qe6+ 78. g4 Rf3+ 79. Kg2 Qd6 80. Rg6 Rf6 81. Rxf6) (75... Qd6 $11 {and Black stays safe.} 76. Qf5 Rf8) 76. Rf5 $6 {Inaccuracy. h5 was best.} (76. h5 $1 a2 77. Rf5 Rd1 78. Rf7 Qxf7 79. Qxf7+ Kb6 80. Qe6+ Ka7 81. Bb2 Rd2) (76. h5 $1 $18 {and the rest is easy.}) 76... Rd6 $16 77. Qe5 {[%mdl 64] Double Attack} a2 $4 {Blunder. Kb7 was best.} (77... Kb7 {[#]} 78. Rf1 $1) (77... Kb7 $16 {is a better defense.}) 78. Rf2 $18 Kb6 $6 {Inaccuracy. Qc8+ was best.} (78... Qc8+ 79. g4 Rg6 80. Qf4 Rc6 81. h5 Kb7 82. Bxc3 bxc3 83. Rxa2 Qe8 84. Qf5) (78... Qc8+ {was called for.} 79. Kh2 Re6 80. Qg7+ Kb6 81. Bxc3 bxc3 82. Rxa2 Qc7+ 83. Qxc7+ Kxc7) 79. Bxc3 bxc3 80. Rxa2 Rd2 $2 {[#] Mistake. Rd1 was best.} (80... Rd1 {80...d7+ 4.32 [#]} 81. Qxc7+ (81. Ra6+ $142 $1 {[%mdl 512]} Kxa6 82. Qxc7)) (80... Qd7+ $142 81. g4 Rd2) 81. Ra6+ $1 {[%mdl 576] Deflection} Kxa6 82. Qxc7 c2 $4 {Checkmate is now unavoidable. Rd3 was best.} (82... Rd3 83. Qc6+ (83. b4 $142 cxb4 84. Qc6+ Ka7 85. Qa4+ Kb7 86. Qxb4+ Kc7 87. h5 Kd7 88. Qb7+ Kd6 89. h6) 83... Ka7 84. Qxc5+ Kb7 85. Qb5+ Kc7 86. Qe5+ Kc8 87. Qxe4 c2 88. Qxd3) 83. Qc6+ {[%mdl 64] Double Attack. Accuracy: White = 66%, Black = 67%.} 1-0

[Event "Sharjah Master 2024"]
[Site "Shsrjah - Abu Dhabi"]
[Date "2024.05.16"]
[Round "?"]
[White "Daneshvar, Bardiya"]
[Black "Ter-Sahakyan, Samvel"]
[Result "1/2-1/2"]
[WhiteElo "2581"]
[BlackElo "2650"]
[PlyCount "46"]
[EventDate "2024.05.14"]
[EventCountry "UAE"]

1. c4 e6 2. Nc3 d5 3. d4 Nf6 4. cxd5 exd5 5. Bg5 Bb4 6. Nf3 h6 7. Bh4 Bf5 8. Qa4+ Nc6 9. e3 g5 10. Bg3 O-O $146 ({RR} 10... Ne4 11. Bb5 Bd7 12. Qc2 h5 13. Nd2 Nxd2 14. Kxd2 h4 15. Bxc6 Bxc6 16. Be5 Rh6 17. h3 Qe7 18. a3 Bd6 19. Bxd6 Rxd6 20. Rad1 O-O-O 21. Kc1 Qf6 22. Kb1 Qg6 23. Qxg6 Rxg6 24. Rd2 Re8 25. Re1 {Rahman,T (2166)-Das,S (2507) Hua Hin THA 2024 0-1 (62)}) 11. Bb5 Bxc3+ 12. bxc3 Ne7 13. Qa3 $6 {Inaccuracy. Nd2 was best.} (13. Nd2) 13... Ne4 14. Nd2 Nxd2 15. Kxd2 Bg6 16. h3 Nf5 17. Be5 Nd6 $6 {Inaccuracy. Nh4 was best.} (17... Nh4 18. Rhg1 Qc8 19. Be2 Qf5 20. Bg3 Rae8 21. Rac1 b5 22. Bxb5 Rb8 23. c4) 18. Bxd6 cxd6 19. Qb3 Qf6 20. f3 $6 {Inaccuracy. Qxd5 was best.} (20. Qxd5) 20... Qe6 21. c4 dxc4 22. Bxc4 Qe7 23. Bd5 Rac8 1/2-1/2

[Event "Sharjah Master 2024"]
[Site "Shsrjah - Abu Dhabi"]
[Date "2024.05.16"]
[Round "?"]
[White "Nguyen, Thai Dai Van"]
[Black "Siddharth, Jagadeesh"]
[Result "1/2-1/2"]
[WhiteElo "2649"]
[BlackElo "2508"]
[PlyCount "51"]
[EventDate "2024.05.14"]
[EventCountry "UAE"]

1. e4 e6 2. d4 d5 3. Nc3 Nf6 4. Bg5 dxe4 5. Nxe4 Nbd7 6. Nf3 h6 7. Bxf6 Nxf6 8. Bd3 Nxe4 9. Bxe4 c5 10. Qe2 Qa5+ 11. c3 Be7 12. O-O-O cxd4 13. Nxd4 ({RR} 13. Rxd4 Bf6 14. Rb4 Rb8 15. Rd1 Bd7 16. Kb1 Ba4 17. b3 Bd7 18. Qe3 b5 19. Rbd4 Bxd4 20. Qxd4 O-O 21. b4 Qa3 22. Qxd7 a5 23. Qd2 axb4 24. cxb4 Rbd8 25. Qxd8 Qxb4+ 26. Ka1 Qc3+ 27. Kb1 Qb4+ {Kosakowski,J (2482)-Szpar,M (2495) Piraeus GRE 2024 ½-½}) 13... Bd7 $146 ({RR} 13... O-O 14. Bc2 Qxa2 15. h4 Qa1+ 16. Bb1 Qa5 17. f4 Qc7 18. Qe4 f5 19. Qe3 Kh8 20. g4 Bc5 21. Rhg1 Bd7 22. Qg3 Bd6 23. Rdf1 Bc5 24. Rd1 Bd6 25. Ne2 Rf7 26. g5 Bb5 27. Bd3 Ba4 28. Bc2 {Valenzuela Gomez,F (2383)-Ribera Veganzones,S (2215) Sant Boi ESP 2023 1-0 (45)}) 14. Bxb7 Rb8 15. Qa6 Qc7 16. Bc6 Rb6 17. Bxd7+ Qxd7 18. Qc4 O-O 19. Nb3 Qb7 20. f3 Bf6 21. Kb1 Rc8 22. Qe4 Qxe4+ $6 {Inaccuracy. Qb8 was best.} (22... Qb8 23. Rd2) 23. fxe4 a5 24. Kc2 $6 {Inaccuracy. Nxa5 was best.} (24. Nxa5 Bxc3 25. Nb3 Be5 26. h3 h5 27. Rc1 Rcb8 28. Rhe1 g5 29. Re2 g4) 24... a4 25. Nd4 Rb4 26. e5 1/2-1/2